| 000 | 00531nam a2200193 a 4500 | ||
|---|---|---|---|
| 005 | 20230309063531.0 | ||
| 008 | 991125s1977 mx 000 0 spa u | ||
| 035 | _aUPN01000004597 | ||
| 049 | _aCG | ||
| 050 | 4 |
_aN72 S6 _bB3.2 |
|
| 100 | 1 | _aBarreiro, Juan José | |
| 245 | 1 | 0 |
_aArte y sociedad / _cJuan José Barreiro. |
| 260 |
_aMéxico : _bANUIES, _c1977. |
||
| 300 | _a73 p. | ||
| 440 | 0 |
_aTemas básicos. _pArea filosofía |
|
| 650 | 4 |
_aARTE - _xINDUSTRIA Y COMERCIO _92490 |
|
| 650 | 4 |
_aArte y sociedad _92741 |
|
| 905 | _aLibro | ||
| 999 |
_c4597 _d4597 |
||